'B' US Cities Quiz Stats

Quiz Updated Nov 17, 2016

Also try: 'A' US Cities
Challenge
Share
Tweet
Embed
Score 0/15 Timer 05:00
13 Plays Today
Population City % Correct
617,680Boston
95.4%
621,143Baltimore
80.3%
212,204Birmingham
68.5%
206,100Boise
61.6%
229,542Baton Rouge
58.8%
261,325Buffalo
55.1%
347,609Bakersfield
42.2%
104,277Billings
40.7%
Population City % Correct
144,236Bridgeport
25.1%
174,982Brownsville
21.4%
127,887Bellevue
18.1%
117,265Beaumont
15.1%
103,299Burbank
14.6%
112,489Berkeley
13.2%
103,483Brandon
3.4%

You're not logged in!

Compare scores with friends on all Sporcle quizzes.
Sign Up with Email
OR
Log In

You Might Also Like...

Show Comments

Extras

Top Quizzes Today


Score Distribution

Your Account Isn't Verified!

In order to create a playlist on Sporcle, you need to verify the email address you used during registration. Go to your Sporcle Settings to finish the process.